| 000 | 00610nam a2200205 u 4500 | ||
|---|---|---|---|
| 005 | 20240228063915.0 | ||
| 008 | 080310s2005 mx r 000 0 spa d | ||
| 020 | _a9702408008 | ||
| 035 | _aUPN01000154931 | ||
| 049 | _aI | ||
| 050 | 4 |
_aPQ7298.25 R7 _bB8 |
|
| 100 | 1 | _aOrtiz Moore, Antolina | |
| 245 | 1 | 0 |
_aBúbu, el grande y otros cuentos / _cAntolina Ortiz Moore. |
| 260 |
_aMéxico : _bPatria, _c2005. |
||
| 300 |
_a174 p. : _bil. col. |
||
| 440 | 0 |
_aPatria infantil-juvenil ; _v18 |
|
| 650 | 4 |
_aCuentos infantiles mexicanos _97723 |
|
| 650 | 4 |
_aLibros y lectura para niños _92290 |
|
| 905 | _aInfantil | ||
| 999 |
_c127047 _d127047 |
||